|
|
|
|
| LEADER |
00000nam0a2200000 4500 |
| 001 |
183758 |
| 005 |
20231101223803.0 |
| 035 |
|
|
|a (RuTPU)RU\TPU\book\199213
|
| 090 |
|
|
|a 183758
|
| 100 |
|
|
|a 20100820d1924 m y0rusy50 ca
|
| 101 |
0 |
|
|a rus
|
| 102 |
|
|
|a RU
|
| 105 |
|
|
|a a j 000zy
|
| 200 |
1 |
|
|a Элементы математитческого анализа
|h Ч. 2: Функции многих независимых переменных. Дифференциальные уравнения
|f П.-Э. Аппель
|
| 210 |
|
|
|a Москва
|c Государственное техническое изд-во
|d 1924
|
| 215 |
|
|
|a 132 с.
|c ил.
|
| 225 |
1 |
|
|a Инженерно-промышленная библиотека
|h Б. Серия 4; № XIII-8
|
| 300 |
|
|
|a Тираж 5050 экз.
|
| 317 |
|
|
|5 63413507: 10-3537
|a На титульном листе и в конце книги круглая печать: " Томская губернская центральная библиотека", с текстом внутри круга "Знание в руках труд-залог его победы"; штамп ТГЦБ с инвентарным № 7222".
|
| 610 |
1 |
|
|a дифференциальные уравнения
|
| 610 |
1 |
|
|a математический анализ
|
| 610 |
1 |
|
|a интеграторы
|
| 610 |
1 |
|
|a интеграфы
|
| 610 |
1 |
|
|a интегралы
|
| 610 |
1 |
|
|a плоские кривые
|
| 675 |
|
|
|a 517
|v 3
|
| 700 |
|
1 |
|a Аппель
|b П.-Э.
|c Appell
|c французский математик и механик
|c член Парижской АН (с 1892)
|c профессор Парижского университета
|f 1855-1930
|g Поль Эмиль
|2 stltpush
|3 (RuTPU)RU\TPU\pers\26915
|9 12532
|
| 801 |
|
1 |
|a RU
|b 63413507
|c 20100820
|
| 801 |
|
2 |
|a RU
|b 63413507
|c 20100929
|g RCR
|
| 942 |
|
|
|c BK
|